Classement des plus grosses polices municipales de France - Statistiques

Statistiques générales
  • Ce quiz a été pris 336 fois
  • Le résultat moyen est 20 sur 39
Statistiques - réponses
nombres de policiers municipaux villes françaises % Correct
02 434 policiers municipaux Marseille
97%
03 350 policiers municipaux Lyon
95%
16 107 policiers municipaux Lille
86%
01 455 policiers municipaux Nice
86%
04 330 policiers municipaux Toulouse
84%
11 135 policiers municipaux Bordeaux
82%
13 114 policiers municipaux Nantes
79%
30 77 policiers municipaux Rennes
79%
09 157 policiers municipaux Strasbourg
79%
07 183 policiers municipaux Montpellier
74%
17 107 policiers municipaux Toulon
61%
22 89 policiers municipaux Metz
59%
12 120 policiers municipaux Reims
59%
39 64 policiers municipaux Dijon
58%
25 84 policiers municipaux Grenoble
58%
08 182 policiers municipaux Saint Etienne
58%
10 154 policiers municipaux Perpignan
57%
28 78 policiers municipaux Nancy
55%
26 84 policiers municipaux Le Havre
53%
15 107 policiers municipaux Orleans
52%
05 195 policiers municipaux Cannes
51%
06 188 policiers municipaux Nimes
51%
24 85 policiers municipaux Amiens
45%
21 95 policiers municipaux Tours
45%
23 85 policiers municipaux Dunkerque
41%
19 101 policiers municipaux Avignon
39%
37 69 policiers municipaux Mulhouse
38%
34 74 policiers municipaux Annecy
37%
35 73 policiers municipaux Limoges
35%
38 65 policiers municipaux Roubaix
34%
14 107 policiers municipaux Aix-En-Provence
32%
18 101 policiers municipaux Béziers
31%
36 70 policiers municipaux Fréjus
24%
32 77 policiers municipaux Evry-Courcouronnes
18%
29 77 policiers municipaux Antibes
16%
31 77 policiers municipaux Hyères
12%
20 100 policiers municipaux Meaux
10%
27 79 policiers municipaux Aulnay Sous Bois
3%
33 77 policiers municipaux Puteaux
1%
Aucun quiz correspondant
Distribution des résultats
% des personnes avec chaque résultat
Percentile par nombre de réponses
Votre historique - résultats
Vous n’avez pas pris ce quiz